000 00903nam a2200277Ia 4500
003 OSt
005 20221007123504.0
006 a|||||r|||| 00| 0
007 ta
008 221006b |||||||| |||| 00| 0 eng d
020 _a3540203656 (pbk)
_c2267.96
024 _a12448
037 _b150, 27/08/2004, Ashutosh Technical Books
_cTextual
040 _aPAPL
_cPAPL
_beng
041 _2eng
_aeng
082 _aCN1, P4 Carpa
100 _aBes Daniel R
_9717300
245 0 _aQuantum mechanics: a modern and concise introductory course
260 _aBerlin
_bSpringer-Verlag
_c2004
300 _axvi, 204p.
_ccm.
500 _aBibliographical references 195-198p.; Index 199-204p.
650 _a Quantum mechanics
650 _aPhysics
942 _hCN1, P4 Carpa
_cTEXL
_2CC
999 _c1211980
_d1211980